Mens NCAA March Madness Bracket 2026 - Round of 64 - Statistics

General Stats
  • This quiz has been taken 18 times
  • The average score is 41 of 64
Answer Stats
Hint Answer % Correct
1 Duke
100%
1 Arizona
94%
1 Michigan
94%
9 Iowa
88%
2 Iowa St
88%
8 Ohio St
88%
1 Florida
81%
4 Kansas
81%
7 Kentucky
81%
3 Michigan St
81%
5 St John's
81%
9 TCU
81%
6 Tennessee
81%
11 Texas
81%
2 UConn
81%
8 Clemson
75%
8 Georgia
75%
3 Illinois
75%
16 Siena
75%
5 Texas Tech
75%
5 Wisconsin
75%
4 Arkansas
69%
2 Houston
69%
4 Nebraska
69%
6 North Carolina
69%
2 Purdue
69%
10 Texas A&M
69%
7 UCLA
69%
5 Vanderbilt
69%
11 VCU
69%
8 Villanova
69%
3 Virginia
69%
4 Alabama
63%
6 BYU
63%
12 High Point
63%
16 Howard
63%
11 Miami (Ohio)
63%
10 UCF
63%
9 Utah State
63%
3 Gonzaga
56%
6 Louisville
56%
10 Missouri
56%
12 Northern Iowa
56%
9 Saint Louis
56%
7 Saint Mary's
56%
11 South Florida
56%
16 Long Island
50%
14 Penn
50%
16 Prairie View A&M
50%
13 Troy
50%
12 Akron
44%
15 Furman
44%
13 Hawaii
44%
13 Hofstra
44%
15 Idaho
44%
14 Kennesaw St
44%
7 Miami (FL)
44%
14 North Dakota St
44%
10 Santa Clara
44%
15 Tennessee St
44%
13 Cal Baptist
38%
12 McNeese
38%
14 Wright St
38%
15 Queens (NC)
19%
No matching quizzes found
Score Distribution
Percent of People with Each Score
Percentile by Number Answered
Your Score History
You have not taken this quiz